00270nam a2200097Ia 4500008004100000041000800041100002600049245003100075260004700106999001900153241105s9999 xx 000 0 und d aeng aKaslay Poorva9184215 aSound In Urban Environment bBNCA M Arch Environment Architecturec2022 c362061d362061